000
00288nam a2200121 a 4500
008
100917s1989|||| d
100
1
_a
Domino, Zbigniew
245
1
0
_a
Je čas ísť domov chlapci
260
_b
Pravda
_a
Bratislava
_c
1989
020
_c
26
044
_a
xo
_c
SK
041
_a
slo
999
_c
10451
_d
10451